| 000 | 01141nam a2200241Ia 4500 | ||
|---|---|---|---|
| 999 |
_c38061 _d38061 |
||
| 001 | 4047 | ||
| 003 | GE_BSU | ||
| 005 | 20190930144708.0 | ||
| 008 | 181216s2009||||ge |||||||||||||| ||geo|| | ||
| 040 | _cGE_BSU | ||
| 041 | _ageo | ||
| 080 | _a316(061) ს–74 | ||
| 245 |
_aსოციალურ მეცნიერებათა საკითხები : _bშრომების კრებული. N1 / _cრედაქტორი: ირაკლი მანველიძე. |
||
| 264 |
_aთბილისი : _b"უნივერსალი", _c2009. |
||
| 300 |
_a151 გვ. _b20 სმ. |
||
| 500 | _a ვუძღვნით პროფ. აბელ სურგულაძის ნათელ ხსოვნას | ||
| 541 | _h3 ლ. | ||
| 600 |
_aსურგულაძე აბელ _94388 |
||
| 653 | _aსოციალური მეცნიერებები | ||
| 653 | _aბიზნესი და სამართალმცოდნეობა | ||
| 700 |
_aმანველიძე, ირაკლი _eრედაქტორი _92014 |
||
| 942 |
_cBK _2udc |
||